000 00548nam a2200205Ia 4500
005 20260429112207.0
008 260429s9999||||xx |||||||||||||| ||und||
020 _a9788197206306
041 _aEnglish
082 _a823
_bTAN
100 _aTanbow, Renuka
245 0 _aIndia in modern British fiction /
_cRenuka Tanbow
250 _a1st ed.
260 _aAgra :
_bCurrent Publications,
_c2024.
300 _avi, 154 p.; hb
650 _a India in literature
650 _a Postcolonial studies
650 _aEnglish fiction
942 _cTB
999 _c52827
_d52827